000
00512nam a2200181Ia 4500
008
090123s9999 xx 000 0 und d
082
_b
31585
100
_a
कुलकर्णी अमृता
245
_a
कवडसे
250
_a
1
260
_b
शुभा प्रकाशन
_c
1998
300
_a
49
600
_a
कुलकर्णी अमृता
630
_a
कवडसे
700
_a
कुलकर्णी अमृता
730
_a
कवडसे
942
_c
BOOK
999
_c
69644
_d
69644